000 01237nmm a2200373 a 4500
001 ocm0002146921
003 TR-IsHL
005 20201028182707.0
008 190206s2012 tu tur
007 cr cn
020 _a9786055335472
035 _a2146921
_b(N$T)
050 0 4 _aHF5667
_b.B39 2012
090 0 4 _aHF5667
_b.B39 2012
100 1 _aBayraklı, Hasan Hüseyin
245 1 0 _aMuhasebe ve vergi denetiminde: muhasebe hata ve hileleri
_h[electronic resource] /
_cHasan Hüseyin Bayraklı ; Mehmet Erkan, Cemal Elitaş
260 _aBursa :
_bEkin Basım Yayın Dağıtım,
_c2012
300 _a223 p.
500 _aKaynakça var.
650 4 _aEğitim
650 4 _aEducation
650 0 _aMuhasebe
650 0 _aAccounting
650 0 _aVergi denetimi
650 0 _aTax auditing
650 0 _aMuhasebe
_x Ahlaksal yönler
650 0 _aAccounting
_x Moral aspects
650 0 _aMuhasebeciler
_x Meslek ahlakı
650 0 _aAccountants
_x Professional ethics
650 7 _aBUSINESS & ECONOMICS / Accounting / Financial
_2bisacsh
700 1 _aErkan, Mehmet
700 1 _aEkitaş, Cemal
856 4 0 _uhttp://search.ebscohost.com/login.aspx?direct=true&scope=site&db=e011xww&AN=2146921
999 _c20189
_d20189